| 000 | 00469nam a2200181Ia 4500 | ||
|---|---|---|---|
| 008 | 131103s9999 xx 000 0 und d | ||
| 020 | _a0 7064 1000 9 | ||
| 040 | _aLoreto College | ||
| 041 | _aEnglish | ||
| 082 |
_aF/BLA _bLCBED/9002 |
||
| 245 |
_aRomance stories _cedited by Elizabeth Bland |
||
| 260 |
_aLondon _bOctopus _c1979 |
||
| 300 |
_a352p _c 22cm. |
||
| 650 | _aEnglish fiction | ||
| 700 | _aBland, Elizabeth;ed | ||
| 850 | _aLCBED/F/BLA | ||
| 942 | _cBK | ||
| 999 |
_c32579 _d83058 |
||